000 00863nam a2200229 a 4500
001 BRCA_5065
005 20190320204926.0
008 081110s1905----sp-a######---#000-0#spa-#
041 _aspa
044 _asp
050 4 _aPQ6338.C4
_b.V53 1905
100 1 _aVilches y Marín, Ernesto de
_912917
245 1 0 _aCervantes
_bapuntes históricos de este apellido
_cpor D. Ernesto de Vilches y Marín.
260 _aMadrid
_bMateu
_c1905
300 _a67 p.
_bil. (algunas a color), 2 láminas
_c28 cm.
500 _aIncluye un escudo de armas de la casa de Cervantes y una carta de Ernesto Vilches dirigida al Excmo. Sr. Duque de Bejar, Marqués de Gibraleon y de Asprillas, Vizconde de la Puebla de Alcocer
500 _aD156
600 1 4 _aCervantes Saavedra, Miguel de
_d1547-1616
_9213
650 1 4 _aCervantes
_xFamilia
_912918
902 _aGFM
942 _2lcc
_cB
999 _c4759
_d4759